000 00479nam a2200157 i 4500
001 46856
003 ES-MaACL
005 20230906161447.0
007 t|
008 030401m19541955fr ||||1| fre d
110 2 _aConsejo de Europa.
_93186
245 1 0 _aAssemblée Consultative
_b: index des actes officiels de sixieme session ordinaire 1954.
260 _aStrasbourg :
_b[s.n.],
_c1954-55 (
_fImp. Berger-Lerrault)
300 _a2 v. ;
_c32 cm.
852 _aES-MaACL
_jB-13800-1
999 _c46856
_d46856